| 000 | 00703nam a2200217 a 4500 | ||
|---|---|---|---|
| 005 | 20140310183459.0 | ||
| 008 | 100315s19uu xx 00 eng d | ||
| 020 | _a139781418839215 | ||
| 050 |
_aTR 897.7 _b.L667 2007 |
||
| 100 | _aLopez, Luis A. | ||
| 245 |
_aNew perspectives on macromedia flash 8 : _bcomprehensive / _cLuis A. Lopez. |
||
| 260 |
_aAustralia : _bThomson Course Technology, _cc2007. |
||
| 300 |
_a487 p. : _bill. ' _c28 cm. |
||
| 521 | _aMA | ||
| 650 | _aMacromedia studio. | ||
| 650 | _aWeb site development. | ||
| 650 |
_aWeb sites _xAuthoring programs. |
||
| 650 |
_aComputer _xAssisted instructiion _xAuthoring programs _xsoftware. |
||
| 942 |
_cBK _2lcc _kFOR |
||
| 999 |
_c23805 _d23805 |
||